[Event "Arad Open A"]
[Site "Arad ROU"]
[Date "2011.08.09"]
[Round "7.8"]
[White "Doros,R"]
[Black "Sadilek,P"]
[Result "1-0"]
[WhiteElo "2338"]
[BlackElo "2233"]

1.e4 d6 2.d4 Nf6 3.Nc3 e5 4.Nf3 Nbd7 5.Rg1 c6 6.g4 Qa5 7.Qe2 g6 8.g5 Nh5
9.Be3 b5 10.Qd2 b4 11.Ne2 Bb7 12.dxe5 dxe5 13.Bh3 Rd8 14.O-O-O Bc8 15.Kb1 Be7
16.Qe1 O-O 17.Nd2 Ba6 18.Nb3 Qc7 19.Bg4 Nf4 20.Nec1 Nb6 21.Nc5 Rxd1 22.Bxd1 Bb5
23.b3 a5 24.a4 bxa3 25.Qxa5 Ra8 26.Qc3 a2+ 27.Ka1 Bf8 28.N1d3 Nxd3 29.Nxd3 Bxd3
30.cxd3 Qb7 31.Bc2 Nd7 32.Bc1 Bc5 33.Be3 Bf8 34.Rd1 Bb4 35.Qc4 c5 36.Bd2 Ba3
37.Bc3 Qc7 38.b4 Nb6 39.Qxc5 Qxc5 40.bxc5 Bxc5 41.Bxe5 Bxf2 42.Bb3 Nd7 43.Bb2 Nc5
44.Bd5 Ra4 45.Rc1 Be3 46.Rc2 Kf8 47.Bf6  1-0

[Event "20th ZMDI Open A"]
[Site "Dresden GER"]
[Date "2011.08.09"]
[Round "4.21"]
[White "Glantz,R"]
[Black "Maiwald,JU"]
[Result "1/2-1/2"]
[WhiteElo "2256"]
[BlackElo "2469"]

1.e4 d6 2.d4 Nf6 3.Nc3 e5 4.Nf3 Nbd7 5.Bc4 Be7 6.O-O O-O 7.a4 c6 8.Qe2 h6
9.Rd1 Qc7 10.h3 a5 11.dxe5 Nxe5 12.Ba2 Nxf3+ 13.Qxf3 Be6 14.Be3 Rad8 15.Bd4 Bxa2
16.Rxa2 Nd7 17.Raa1 Bf6 18.b3 Rfe8 19.Bxf6 Nxf6 20.Qf4 Re5 21.Rd4 Rde8 22.Rad1 d5
23.exd5 cxd5 24.Qd2 Rc8  1/2-1/2

[Event "Cafe Atlantis Masters"]
[Site "Groningen NED"]
[Date "2011.08.09"]
[Round "2.3"]
[White "De Jong,M"]
[Black "Van Assendelft,F"]
[Result "1/2-1/2"]
[WhiteElo "2376"]
[BlackElo "2393"]

1.d4 d6 2.e4 Nf6 3.Nc3 Nbd7 4.Nf3 e5 5.Bc4 Be7 6.O-O O-O 7.Re1 c6 8.a4 a5
9.h3 Nb6 10.Ba2 exd4 11.Qxd4 d5 12.exd5 Nbxd5 13.Nxd5 Nxd5 14.Bxd5 cxd5 15.Bf4 Bf5
16.Be5 f6 17.Bc7 Qd7 18.c3 Bxh3 19.gxh3 Qxc7 20.Qxd5+ Rf7 21.Rad1 Rd8 22.Qe6 Bc5
23.Rxd8+ Qxd8 24.Qc4 Ba7 25.Nd4 Bxd4  1/2-1/2

[Event "Ceska Cup IM2"]
[Site "Olomouc CZE"]
[Date "2011.08.09"]
[Round "7"]
[White "Michalczak,T"]
[Black "Groetz,H"]
[Result "1/2-1/2"]
[WhiteElo "2325"]
[BlackElo "2256"]

1.e4 d6 2.d4 Nf6 3.Nc3 Nbd7 4.Nf3 e5 5.Bc4 Be7 6.O-O O-O 7.Re1 c6 8.a4 a5
9.Ba2 exd4 10.Nxd4 Nc5 11.h3 Re8 12.Qf3 Be6 13.Nxe6 Nxe6 14.Be3 Qc7 15.Rad1 Bf8
16.h4 h5 17.Qf5 Qc8 18.e5 dxe5 19.Qxe5 Bb4  1/2-1/2

[Event "Winsoft Cup IM1"]
[Site "Olomouc CZE"]
[Date "2011.08.09"]
[Round "7"]
[White "Moritz,A"]
[Black "Biolek,R2"]
[Result "1/2-1/2"]
[WhiteElo "2091"]
[BlackElo "2478"]

1.e4 d6 2.d4 Nf6 3.Nc3 e5 4.dxe5 dxe5 5.Qxd8+ Kxd8 6.Bg5 Be6 7.O-O-O+ Nd7
8.Nd5 Kc8 9.f3 Bc5 10.a3 h6 11.Bh4 Bxd5 12.exd5 e4 13.fxe4 Nxe4 14.Bd3 Nd6
15.Bg3 Nf6 16.Nf3 Nde4 17.Bh4 Re8 18.c4 Ng4 19.Rhe1 f5 20.Nd2 Bf2 21.Bxf2 Ngxf2
22.Nxe4 fxe4 23.Rd2 Nxd3+ 24.Rxd3 Kd7 25.Rde3 b5 26.b3  1/2-1/2

[Event "Olomouc FIDE Open"]
[Site "Olomouc CZE"]
[Date "2011.08.09"]
[Round "7.15"]
[White "Sochorova,Petra"]
[Black "Ortoft,K"]
[Result "1/2-1/2"]
[WhiteElo "2204"]
[BlackElo "2043"]

1.e4 d6 2.d4 Nf6 3.Nc3 Nbd7 4.Nf3 e5 5.Bc4 Be7 6.O-O O-O 7.h3 h6 8.Re1 c6
9.a4 Re8 10.Bf1 Qc7 11.a5 Nf8 12.Be3 Ng6 13.Nh2 Bd7 14.dxe5 dxe5 15.Bc4 Bb4
16.Qf3 Be6 17.Bxe6 Rxe6 18.Red1 Rd6 19.Rxd6 Qxd6 20.Na4 Qe7 21.c3 Bxa5 22.b4 Bc7
23.Nb6 Bxb6 24.Bxb6 a6 25.Nf1 Nd7 26.Be3 c5 27.Qf5 cxb4 28.cxb4 Ndf8 29.Rc1 Ne6
30.Bc5 Qg5 31.Be3 Ngf4 32.Bxf4 Qxf4 33.Ne3 Nd4 34.Rc8+ Rxc8 35.Qxc8+ Kh7  1/2-1/2

[Event "8th Ostroda Open"]
[Site "Ostroda POL"]
[Date "2011.08.09"]
[Round "7.8"]
[White "Gorniewicz,O"]
[Black "Szewczak,And"]
[Result "1-0"]
[WhiteElo "1914"]
[BlackElo "2005"]

1.d4 d6 2.e4 Nf6 3.Nc3 c6 4.Bg5 Nbd7 5.f4 Qb6 6.Qd2 Qxb2 7.Rb1 Qa3 8.Nf3 e6
9.Bd3 h6 10.Bh4 Qa5 11.O-O Be7 12.e5 g5 13.exf6 Bxf6 14.fxg5 hxg5 15.Bxg5 Bg7
16.Nb5 Qxd2 17.Nc7+ Kf8 18.Nxd2 Bxd4+ 19.Kh1 Nb6 20.Nxa8 Nxa8 21.Bf6 Bxf6
22.Rxf6 Rg8 23.Rbf1 Rg7 24.Rg6 f5 25.Rxg7 Kxg7 26.Nc4 d5 27.Nd6 Nb6 28.Rb1 Bd7
29.Nxb7 e5 30.Nc5 Bc8 31.Ba6 Bxa6 32.Rxb6 axb6 33.Nxa6 c5 34.Kg1 d4 35.Kf2 e4
36.Nc7 Kf7 37.a4 f4 38.Nd5 c4 39.Nxf4 c3 40.Ke2 Kf6 41.Nd5+ Ke5 42.Nxc3 dxc3
43.Ke3 Kd5 44.h4 Kc4 45.Kxe4 Kb4 46.Kd3  1-0

[Event "29th World Junior Girls"]
[Site "Chennai IND"]
[Date "2011.08.10"]
[Round "8.5"]
[White "Padmini,R"]
[Black "Dogodkina,J"]
[Result "1-0"]
[WhiteElo "2348"]
[BlackElo "2193"]

1.e4 d6 2.d4 Nf6 3.Nc3 e5 4.Nf3 Nbd7 5.Bc4 Be7 6.O-O O-O 7.a4 a6 8.h3 b6
9.Qe2 Bb7 10.Rd1 exd4 11.Nxd4 Ne5 12.Bb3 c5 13.Nf5 Qc7 14.f4 Ng6 15.e5 dxe5
16.fxe5 c4 17.exf6 Bc5+ 18.Kh1 Rfe8 19.Qxc4 Ne5 20.Bf4 Qc6 21.Qf1 Qxf6 22.Bxe5 Rxe5
23.Nd6  1-0

[Event "MMK Krakow IM"]
[Site "Krakow POL"]
[Date "2011.08.10"]
[Round "6.1"]
[White "Sivuk,V"]
[Black "Kalinin,O"]
[Result "1-0"]
[WhiteElo "2422"]
[BlackElo "2366"]

1.e4 d6 2.d4 Nf6 3.Nc3 e5 4.Nf3 exd4 5.Nxd4 g6 6.g3 Bg7 7.Bg2 O-O 8.O-O c6
9.Bf4 Nh5 10.Be3 Nf6 11.h3 Nbd7 12.f4 Nb6 13.Bf2 d5 14.e5 Ne8 15.a4 f6 16.exf6 Qxf6
17.a5 Nc4 18.b3 Ncd6 19.a6 Nc7 20.axb7 Bxb7 21.Na4 Na6 22.Qd3 c5 23.Nc6 d4
24.Nb2 Nb8 25.Ne5 Bxg2 26.Kxg2 Qe6 27.Qf3 Nd7 28.Nxd7 Qxd7 29.Qd5+ Kh8 30.Ra6 Rfd8
31.Nd3 Rac8 32.Rfa1 Nb5 33.Qxd7 Rxd7 34.R1a4 Bf8 35.g4 Bd6 36.R4a5 Rb8 37.Rc6 Rc7
38.Raa6  1-0

[Event "CECLUB Div2 Gp1"]
[Site "Padron ESP"]
[Date "2011.08.10"]
[Round "1"]
[White "Senlle Caride,M"]
[Black "Iglesias Valle,J"]
[Result "0-1"]
[WhiteElo "2271"]
[BlackElo "2132"]

1.e4 d6 2.d4 Nf6 3.Nc3 Nbd7 4.f4 c6 5.Nf3 Qa5 6.Bd3 e5 7.O-O Be7 8.Kh1 O-O
9.a4 Rd8 10.Qe1 Qc7 11.a5 exd4 12.Nxd4 Nc5 13.Qg3 d5 14.e5 Nfe4 15.Bxe4 Nxe4
16.Nxe4 dxe4 17.Be3 Rd5 18.c4 Qd8 19.f5 Rxd4 20.f6 Bf8 21.fxg7 Bc5 22.Bxd4 Bxd4
23.Rxf7 Kxf7 24.Rf1+ Kg8 25.Rf8+ Qxf8 26.gxf8=Q+ Kxf8 27.Qf4+ Ke8 28.e6 Ke7
29.Qxe4 Bxb2 30.Qxh7+ Kxe6 31.Qg8+ Ke7 32.h4 Be5 33.h5 Rb8 34.Qg5+ Ke6 35.Qg8+ Ke7
36.Qg5+ Kd6 37.Qd2+ Kc7 38.Qe3 Kd6 39.Qxa7 Ke6 40.g4 Kf6 41.Qf2+ Kg5 42.Qe3+ Bf4
43.Qe8 Bxg4 44.Qg6+ Kh4 45.h6 Rd8 46.h7 Bf3+ 47.Kg1 Be3+  0-1

[Event "50th World Juniors"]
[Site "Chennai IND"]
[Date "2011.08.11"]
[Round "9.19"]
[White "Firat,B"]
[Black "Lalith,B"]
[Result "1/2-1/2"]
[WhiteElo "2373"]
[BlackElo "2495"]

1.e4 d6 2.d4 Nf6 3.Nc3 Nbd7 4.Nf3 e5 5.Bc4 Be7 6.O-O O-O 7.Re1 c6 8.a4 a5
9.Ba2 h6 10.dxe5 dxe5 11.Nh4 Nxe4 12.Nxe4 Bxh4 13.Qh5 c5 14.Be3 Qe7 15.Bc4 Kh7
16.Rad1 f5 17.Nd6 Nb6 18.Bb5 Bf6 19.Nxf5 Bxf5 20.Qxf5+ g6 21.Qe4 Rad8 22.Rd3 Rxd3
23.Bxd3 Rg8 24.Rd1 Nc8 25.Be2 b6 26.g3 Rd8 27.h4 Rxd1+ 28.Bxd1 Nd6 29.Qc6 Qd8
30.Qd5 Nf5 31.Qxd8 Bxd8 32.Bc1 h5 33.c3 Kg7 34.Bc2 Nd6 35.Kf1 Bf6 36.Ke2 Kf7
37.Bh6 Bd8 38.Bb3+ Ke8 39.Bd5 Bf6 40.Bd2 Ke7 41.b4 axb4 42.cxb4 cxb4 43.Bxb4 g5
44.hxg5 Bxg5 45.Bc3 Bf6 46.Kd3 h4 47.gxh4 Bxh4 48.f3 Bg3 49.Bd2 Kd7 50.Be3 Kc7
51.Bd2 Kd7 52.Bb4 Bf2 53.Ke2 Bd4 54.Kd2 Kc7 55.Kd3 Bf2 56.Bc3 Bg3 57.Ke2 Nf5
58.Be4 Nd6 59.Bd5 Nf5 60.Bb4 Nd6 61.Ba3 Nf5 62.Ba8 Nd6 63.Kf1 Nc4 64.Bb4 Bf4
65.Ke2 Nb2 66.a5 bxa5 67.Bxa5+ Kd6 68.Bb4+ Ke6 69.Bb7 Nc4 70.Bc8+ Kd5 71.Bb7+ Ke6
72.Kd3 Nd6 73.Bc6 Bg3 74.Bd2 Bf4 75.Be1 Bh2 76.Bf2 Bf4 77.Kc3 Bh2 78.Kd3 Bf4
79.Be1 Bh2 80.Bb4 Bf4 81.Ke2 Nf5 82.Kf1 Nd4 83.Be4 Nxf3 84.Bxf3 e4 85.Bxe4 Kf6
86.Kg2 Be5 87.Kf3 Kg7 88.Ke2 Kh8 89.Kf3 Bg7 90.Ke2 Bf6 91.Be7 Bxe7  1/2-1/2

[Event "27th Geraadsbergen Open"]
[Site "Geraadsbergen BEL"]
[Date "2011.08.11"]
[Round "2"]
[White "Sarrau,J"]
[Black "Saligo,La"]
[Result "1-0"]
[WhiteElo "2239"]
[BlackElo "1772"]

1.e4 d6 2.d4 Nf6 3.Nc3 Nbd7 4.Nf3 e5 5.Bc4 h6 6.O-O c6 7.a4 Be7 8.Re1 Qc7
9.b3 Nf8 10.Bb2 Bg4 11.Be2 Bxf3 12.Bxf3 Ne6 13.d5 Nf4 14.Be2 g5 15.a5 a6
16.Bc4 c5 17.Ne2 N6h5 18.Ng3 Ng7 19.Bf1 Qd7 20.c4 h5 21.b4 cxb4 22.Qa4 h4
23.Nf5 Nxf5 24.exf5 Rc8 25.Re3 Qxa4 26.Rxa4 Rc5 27.Rxb4 Rxa5 28.Rxb7 g4 29.Bxe5  1-0

[Event "27th Geraadsbergen Open"]
[Site "Geraadsbergen BEL"]
[Date "2011.08.11"]
[Round "2"]
[White "Pauwels,R"]
[Black "Schalkx,J"]
[Result "0-1"]
[WhiteElo "1910"]
[BlackElo "2189"]

1.d4 d6 2.e4 Nf6 3.Nc3 c6 4.f4 Qa5 5.Bd3 e5 6.Nf3 Bg4 7.dxe5 dxe5 8.h3 Bxf3
9.Qxf3 Nbd7 10.Be3 Bb4 11.Rb1 O-O 12.O-O b5 13.Bd2 Rfe8 14.a3 Qb6+ 15.Be3 Bc5
16.Bxc5 Nxc5 17.Kh2 Rad8 18.f5 a5 19.g4 b4 20.axb4 axb4 21.g5 Nfd7 22.Bc4 bxc3
23.bxc3 Qa7 24.g6 Rf8 25.gxf7+ Kh8 26.Rg1 Nf6 27.Qg2 Rxf7 28.Bxf7 Qxf7 29.Rgd1 Rf8
30.Rb4 Qh5 31.Rdb1 Qh4 32.Rb8 Rg8 33.Rxg8+ Kxg8 34.Rb8+ Kf7 35.Qe2 Nfxe4
36.Qc4+ Kf6  0-1

[Event "22nd ch-NATO"]
[Site "Kaunas LTU"]
[Date "2011.08.11"]
[Round "5.34"]
[White "Bellemare,Regis"]
[Black "Almonti,A"]
[Result "1/2-1/2"]
[WhiteElo "1736"]
[BlackElo "2022"]

1.e4 d6 2.d4 Nf6 3.Nc3 e5 4.dxe5 dxe5 5.Qxd8+ Kxd8 6.Bc4 Ke8 7.Nf3 Bd6 8.Ng5 Rf8
9.Be3 a6 10.a4 Nbd7 11.h3 Bb4 12.Bd2 h6 13.Nf3 Bd6 14.O-O Nc5 15.Rfe1 Be6
16.Bxe6 Nxe6 17.Nd5 Nd7 18.Rad1 Rd8 19.Bc3 g6 20.Ne3 f6 21.Nc4 Be7 22.Na5 Ndc5
23.Rxd8+ Nxd8 24.b3 b6 25.Nc4 Ndb7 26.Nh4 Kf7 27.Bd2 Rd8 28.Nf3 h5 29.Bc3 Bd6
30.Nfd2 Bf8 31.f3 Bh6 32.Nf1 Ke6 33.Nfe3 Bxe3+ 34.Nxe3 Nd6 35.Rd1 Ndb7 36.Rxd8 Nxd8
37.Nd5 c6 38.Nxb6 f5 39.exf5+ gxf5 40.Nc4 e4 41.Bd4 Kd5 42.Bxc5 Kxc5  1/2-1/2

[Event "Olomouc FIDE Open"]
[Site "Olomouc CZE"]
[Date "2011.08.11"]
[Round "9.1"]
[White "Bryzgalin,K"]
[Black "Johansson,Ja SWE"]
[Result "1/2-1/2"]
[WhiteElo "2469"]
[BlackElo "2397"]

1.e4 d6 2.d4 Nf6 3.Nc3 e5 4.f4 exd4 5.Qxd4 Nc6 6.Bb5 Bd7 7.Qf2 g6 8.Nf3 Bg7
9.O-O O-O 10.h3 Nb4 11.Bd3 c5 12.Re1  1/2-1/2

[Event "23rd Jirasek Mem GM"]
[Site "Rakovnik CZE"]
[Date "2011.08.11"]
[Round "7.2"]
[White "Vojta,T"]
[Black "Pacher,M"]
[Result "0-1"]
[WhiteElo "2368"]
[BlackElo "2408"]

1.e4 d6 2.d4 Nf6 3.Nc3 e5 4.Bc4 exd4 5.Qxd4 Nc6 6.Qe3 Be6 7.Bb3 Ng4 8.Qg3 Qd7
9.h3 Nge5 10.f4 Bxb3 11.axb3 Nb4 12.Kd1 Nec6 13.Nd5 Nxd5 14.exd5 Ne7 15.Qe3 g6
16.Qd4 Qb5 17.c4 Qxb3+ 18.Ke1 Qg3+ 19.Kf1 Nf5 20.Qxh8 Nh4 21.Be3 Qxg2+ 22.Ke1 Qxh1
23.Qxh7 Nf5 24.Kd2 Qe4 25.Re1 O-O-O 26.Qxf7 Qxc4 27.Nf3 Bg7 28.Qxg6 Qxd5+
29.Ke2 Bxb2 30.Qg4 Kb8 31.Kf2 Rg8 32.Ng5 Nxe3 33.Kxe3 Re8+ 34.Kf2 Qd2+  0-1

[Event "4th Sabadell Open A"]
[Site "Sabadell ESP"]
[Date "2011.08.11"]
[Round "2"]
[White "Soumya,Sw"]
[Black "Narciso Dublan,M"]
[Result "1/2-1/2"]
[WhiteElo "2338"]
[BlackElo "2544"]

1.e4 d6 2.d4 Nf6 3.Nc3 e5 4.Nf3 Nbd7 5.Bc4 Be7 6.O-O O-O 7.Re1 c6 8.a4 a5
9.h3 Nb6 10.Ba2 Nfd7 11.Be3 exd4 12.Bxd4 Nc5 13.Bxc5 dxc5 14.Qe2 Qd6 15.Qe3 Be6
16.Rad1 Qc7 17.Bxe6 fxe6 18.Ne2 e5 19.Ng3 c4 20.Nf5 Nxa4 21.Nxe7+ Qxe7 22.Ra1 b5
23.b3 Nc5 24.Qc3 Rfe8 25.Rxa5 Rxa5 26.Qxa5 cxb3 27.cxb3 Nxb3 28.Qc3 Nc5 29.Rc1 Nxe4
30.Qxc6 Nf6 31.Qxb5 e4 32.Re1 h6  1/2-1/2

[Event "Split Open"]
[Site "Split CRO"]
[Date "2011.08.11"]
[Round "7.11"]
[White "Marzano,C"]
[Black "Curic,D"]
[Result "0-1"]
[WhiteElo "2152"]
[BlackElo "2276"]

1.Nc3 Nf6 2.d4 d6 3.e4 c6 4.Nf3 Bg4 5.h3 Bh5 6.g4 Bg6 7.Qe2 e6 8.Nd2 e5 9.Nb3 Nbd7
10.Bg2 Be7 11.f4 exf4 12.Bxf4 O-O 13.O-O-O Re8 14.h4 Bf8 15.h5 Bxe4 16.Nxe4 Nxe4
17.Bxe4 d5 18.Bxh7+ Kxh7 19.Qd3+ Kg8 20.g5 Re4 21.Rdf1 Be7 22.g6 Rxf4 23.Rxf4 Bg5
24.gxf7+ Kf8 25.Rf1 Qf6 26.Qg3 Qh6 27.Nd2 Nf6 28.R4f2 Bxd2+ 29.Kb1 Ne4 30.Qa3+ c5
31.Re2 Bb4 32.Qh3 cxd4 33.Qd7 Qc6 34.Qf5 Qf6 35.Qh3 Qb6 36.Rxe4 dxe4 37.Qf5 Ba3
38.b3 Qf6 39.Qh3 Qc6 40.h6 Qxh6 41.Qg2 d3 42.Qxe4 dxc2+ 43.Qxc2 Rd8 44.b4 Qd6
45.Rh1 Qxb4+ 46.Ka1 Qd4+ 47.Kb1 Qb6+ 48.Ka1 Qf6+ 49.Kb1 g6 50.Qh2 Rd6 51.Qh6+ Qg7
52.Re1  0-1

[Event "1st Radzikowskiej Mem"]
[Site "Warsaw POL"]
[Date "2011.08.11"]
[Round "7"]
[White "Leks,M"]
[Black "Kochetkova,J"]
[Result "1-0"]
[WhiteElo "2082"]
[BlackElo "2319"]

1.e4 d6 2.d4 Nf6 3.Nc3 Nbd7 4.Nf3 e5 5.Bc4 Be7 6.O-O O-O 7.Re1 a6 8.a4 b6
9.Ne2 c6 10.Ng3 d5 11.dxe5 dxc4 12.exf6 Bxf6 13.Qe2 c3 14.b3 Ne5 15.Nxe5 Bxe5
16.Be3 Qc7 17.a5 b5 18.Bb6 Qe7 19.Qe3 Qf6 20.Ne2 Re8 21.f4 Bb8 22.Bd4 Qh6
23.Bxc3 Bf5 24.e5 Bxc2 25.Bd4 Qe6 26.b4 Bb3 27.Ng3 f5 28.Nxf5 Bc4 29.Ng3 Rd8
30.Kh1 Qg4 31.Bc5 Rd3 32.Qe4 h6 33.f5 Qg5 34.Rad1 Rxd1 35.Rxd1 Bc7 36.Qxc6 Rd8
37.Rxd8+ Qxd8 38.Bd6 Bxd6 39.exd6 Kf8 40.h3 Qh4 41.Kh2  1-0

[Event "50th World Juniors"]
[Site "Chennai IND"]
[Date "2011.08.12"]
[Round "10.40"]
[White "Soors,S"]
[Black "Lim,Z"]
[Result "1/2-1/2"]
[WhiteElo "2353"]
[BlackElo "2155"]

1.d4 d6 2.e4 Nf6 3.Nc3 c6 4.f4 Qa5 5.Qf3 d5 6.e5 Ne4 7.Bd3 Na6 8.Ne2 Nb4
9.O-O Nxd3 10.cxd3 Nxc3 11.bxc3 g6 12.a4 h5 13.h3 h4 14.Ba3 Bf5 15.Qe3 Bg7
16.Kf2 Rb8 17.Ke1 Kd7 18.Kd2 Qa6 19.a5 b6 20.axb6 Rxb6 21.Bb4 Qb7 22.Rfb1 Rb5
23.Qg1 Rb8 24.Ra4 a5 25.Rba1 axb4 26.Ra7 b3 27.Rxb7+ R5xb7 28.Qe1 b2 29.Rb1 Rh8
30.Ng1 f6 31.Nf3 fxe5 32.Nxe5+ Bxe5 33.Qxe5 Ra8 34.Qe1 Ra3 35.Kc2 Ra2 36.Qxh4 Ra1
37.Rxb2 Bxd3+ 38.Kxd3 Rxb2 39.Qg4+ Kc7 40.Qxg6 Raa2 41.Qg3 Rd2+ 42.Ke3 Rxg2
43.Qe1 Rh2 44.Kf3 Rxh3+ 45.Kg4 Rh7 46.Qe5+ Kb7 47.Qe6 Rah2 48.Qd7+ Kb6 49.Qd8+ Kb5
50.Qc7 R2h6  1/2-1/2

[Event "27th Geraadsbergen Open"]
[Site "Geraadsbergen BEL"]
[Date "2011.08.12"]
[Round "3"]
[White "Carlier,Sven"]
[Black "Barbier,Wim"]
[Result "0-1"]
[WhiteElo "1763"]
[BlackElo "2147"]

1.e4 d6 2.d4 Nf6 3.Nc3 e5 4.dxe5 dxe5 5.Qxd8+ Kxd8 6.Bg5 c6 7.O-O-O+ Ke8
8.f4 Nbd7 9.Nf3 h6 10.Bxf6 gxf6 11.g3 Bc5 12.Rd3 Bb6 13.Bg2 Nc5 14.Rdd1 exf4
15.gxf4 Rg8 16.Nh4 Rg4 17.Nf5 Rxg2 18.Rhg1 Rxg1 19.Rxg1 Nb3+  0-1

[Event "23rd Jirasek Mem GM"]
[Site "Rakovnik CZE"]
[Date "2011.08.12"]
[Round "8.4"]
[White "Pacher,M"]
[Black "Cyborowski,L"]
[Result "1/2-1/2"]
[WhiteElo "2408"]
[BlackElo "2537"]

1.e4 d6 2.d4 Nf6 3.Nc3 e5 4.Nf3 Nbd7 5.Bc4 Be7 6.O-O O-O 7.Re1 c6 8.a4 b6
9.b3 a6 10.Bb2 Bb7 11.Bd3 Re8 12.Ne2 Bf8 13.Ng3 g6 14.c3 Qc7 15.Qc2 Bg7 16.Rad1 Rad8
17.h3 d5 18.dxe5 Nxe4 19.Nxe4 dxe4 20.Bxe4 Nxe5  1/2-1/2

[Event "XX TCh-MKD"]
[Site "Struga MKD"]
[Date "2011.08.12"]
[Round "5"]
[White "Mitkovski,Z"]
[Black "Stamenkov,V"]
[Result "1/2-1/2"]
[WhiteElo "2151"]
[BlackElo "2341"]

1.e4 d6 2.d4 Nf6 3.Nc3 e5 4.Nf3 Nbd7 5.a4 Be7 6.g3 O-O 7.Bg2 a5 8.O-O c6
9.b3 Re8 10.Ba3 Qc7 11.Re1 Bf8 12.Qd2 Nb8 13.h3 Na6 14.Rad1 Nb4 15.Bb2 b6
16.Kh2 Ba6 17.Nb1 d5 18.Nxe5 Nxe4 19.Bxe4 dxe4 20.Nc3 f6 21.Nc4 Bxc4 22.bxc4 f5
23.d5 Rad8 24.Qg5 cxd5 25.cxd5 Qf7 26.h4 h6 27.Qd2 Bc5 28.Qe2 Nxd5 29.Nxd5 Rxd5
30.Rxd5 Qxd5 31.Rd1 Qf7 32.Kg2 e3 33.f3 f4 34.gxf4 Qxf4 35.Rd7 Re7 36.Rd8+ Kf7
37.Qd3 e2 38.Qd5+ Re6 39.Qd7+  1/2-1/2

[Event "50th World Juniors"]
[Site "Chennai IND"]
[Date "2011.08.13"]
[Round "11.7"]
[White "Rombaldoni,Ax"]
[Black "Sjugirov,S"]
[Result "1/2-1/2"]
[WhiteElo "2459"]
[BlackElo "2629"]

1.e4 d6 2.d4 Nf6 3.Nc3 e5 4.Nf3 Nbd7 5.Bc4 Be7 6.O-O O-O 7.Re1 a6 8.a4 b6
9.b3 Bb7 10.Bb2 c6 11.Bd3 Re8 12.Ne2 Bf8 13.Ng3 g6 14.c3 Qc7 15.Qc2 Bg7 16.h3 Rad8
17.Rad1 h6 18.Bf1 Qb8 19.Qb1 b5 20.axb5 cxb5 21.c4 bxc4 22.Bxc4 exd4 23.Bxd4 Ne5
24.Bxe5 dxe5 25.Nh4 Kf8 26.Qa2 Qc7 27.Rc1 Qe7 28.Rc3 Qb4 29.Rec1 Nxe4 30.Nxe4 Bxe4
31.Bxf7 Kxf7 32.Rc4 Qd2 33.Qxd2 Rxd2 34.Rxe4 Rd4 35.Rc7+ Kg8 36.Rg4 Rxg4
37.hxg4 Re6 38.Rb7 e4 39.Kf1 Bd4 40.Rb4 Bb6 41.Ke2 Kf7 42.Rc4 Bd8 43.g3 Rb6
44.Ra4 Rxb3 45.Rxa6 Bb6 46.Ra2 Kf6 47.Ng2 Rf3 48.Ke1 e3 49.Nxe3 Bxe3 50.Ra6+ Kg5
51.Ke2 Kxg4 52.Ra4+ Bf4 53.Kf1 h5 54.Kg2 h4 55.gxf4 h3+ 56.Kg1 Rxf4 57.Ra3 g5
58.Rb3 Kh4 59.Rc3 Rg4+ 60.Kh1 Rg2 61.Rf3 Rg4 62.Kh2 Rg2+ 63.Kh1 Rg4  1/2-1/2

[Event "9th Davos Open"]
[Site "Davos SUI"]
[Date "2011.08.13"]
[Round "7.5"]
[White "Oganessian,G"]
[Black "Salvetti,A"]
[Result "0-1"]
[WhiteElo "2021"]
[BlackElo "2241"]

1.e4 d6 2.d4 Nf6 3.Nc3 c6 4.Nf3 Bg4 5.Be2 e6 6.Be3 d5 7.exd5 Bxf3 8.Bxf3 cxd5
9.O-O Nc6 10.Qd2 Rc8 11.Be2 Bb4 12.Qd3 O-O 13.Bg5 Bxc3 14.Qxc3 Ne4 15.Bxd8 Nxc3
16.bxc3 Rfxd8 17.f4 Na5 18.Rf3 Rc7 19.Rd1 Rdc8 20.Rdd3 Nc4 21.f5 e5 22.dxe5 Nxe5
23.Rxd5 Nxf3+ 24.Bxf3 b6 25.Be4 h6 26.Kf1 Rxc3 27.Rd7 R3c7 28.Rd6 Re7 29.Bd3 Re5
30.Rd4 Kf8 31.Kf2 Ke7 32.Kf3 Rd8 33.Ra4 Ra5 34.Rxa5 bxa5 35.Ke4 Kf6 36.h4 Rb8
37.Kd5 Rb2 38.a4 Ra2 39.Kd6 Rxa4 40.c4 Ra2 41.Be4 Rd2+ 42.Bd5 a4 43.c5 a3
44.c6 a2  0-1

[Event "27th Geraadsbergen Open"]
[Site "Geraadsbergen BEL"]
[Date "2011.08.13"]
[Round "6.2"]
[White "Sarrau,J"]
[Black "Ponnet,H"]
[Result "1/2-1/2"]
[WhiteElo "2239"]
[BlackElo "2159"]

1.e4 d6 2.d4 Nf6 3.Nc3 c6 4.Nf3 Bg4 5.Be2 e6 6.d5 cxd5 7.exd5 exd5 8.Nxd5 Qa5+
9.Nc3 Be7 10.Nd4 Bxe2 11.Qxe2 O-O 12.O-O Re8 13.Qf3 Nc6 14.Nxc6 bxc6 15.Qxc6 Rac8
16.Qf3 d5 17.Be3 Ba3 18.Nd1 Bd6 19.Bd4 Be5 20.Bxe5 Rxe5 21.c3 Qb5 22.a4 Qb3
23.Qd3 Rc4 24.Ra3 Qb8 25.Ne3 Rh4 26.Qb5 Qd6 27.g3 Rhe4 28.Rb3 g6 29.Qb8+ Qxb8
30.Rxb8+ Kg7 31.b4 d4 32.cxd4 Rxd4 33.a5 Ne4 34.Rc1 Rd3 35.Re1 Re6 36.Re2 Rb3
37.Rb7 Nc5 38.Rxa7 Rxb4 39.Rc2 Na6 40.Ra2 Rb5 41.Kg2 h5 42.h4 Rc5 43.Ra4 Rf6
44.Rb7 Rcc6 45.Rb5 Rcd6 46.Ra2 Rc6 47.Nd5 Rfd6 48.Nb4 Nxb4 49.Rxb4 Ra6 50.Rb5 Rd3
51.Kf1 Rc3 52.Ke2 Re6+ 53.Kf1 Ra6 54.Rd5 Rb3 55.Ke2 Kf6 56.Kd2 Rf3 57.Kc1 Ke6
58.Rb5 Kd7 59.Rc2 Ra3 60.Rb7+ Kd8 61.Rxf7 R3xa5 62.Rcc7 Rb5 63.Kd2 Raa5 64.Rfd7+ Ke8
65.Rg7 Kd8 66.Rcf7 Rd5+ 67.Ke2 Re5+ 68.Kf1 Ra6 69.Kg2 Ree6 70.Rb7 Kc8 71.Ra7 Rxa7
72.Rxa7 Kd8 73.f3 Ke8 74.g4 hxg4 75.fxg4 Kf8 76.Kg3 Rf6 77.g5 Rb6 78.Ra8+  1/2-1/2

[Event "23rd Jirasek Mem OpA"]
[Site "Rakovnik CZE"]
[Date "2011.08.13"]
[Round "9"]
[White "Jirkovsky,T"]
[Black "Sibl,V"]
[Result "0-1"]
[WhiteElo "2073"]
[BlackElo "1975"]

1.e4 d6 2.d4 Nf6 3.Nc3 e5 4.f4 Nbd7 5.Nf3 Qe7 6.Bc4 h6 7.O-O exd4 8.Nxd4 Nb6
9.Bb3 c5 10.Ndb5 c4 11.e5 dxe5 12.fxe5 Qc5+ 13.Kh1 Bg4 14.Qe1 Nfd5 15.Nxd5 Nxd5
16.Ba4 O-O-O 17.c3 Be6 18.b4 cxb3 19.axb3 a6 20.Ba3 Qe3 21.Qh4 axb5 22.Bxb5 Bxa3
23.Rxa3 Nc7 24.Bc4 Qxe5  0-1

[Event "1st Radzikowskiej Mem"]
[Site "Warsaw POL"]
[Date "2011.08.13"]
[Round "10"]
[White "Worek,J"]
[Black "Michna,Mart"]
[Result "0-1"]
[WhiteElo "2306"]
[BlackElo "2397"]

1.d4 d6 2.e4 Nf6 3.Nc3 c6 4.f4 Qa5 5.Bd3 e5 6.dxe5 dxe5 7.Nf3 Bg4 8.fxe5 Nfd7
9.Bf4 Bb4 10.O-O O-O 11.Kh1 Nxe5 12.Bxe5 Bxf3 13.Rxf3 Qxe5 14.Rf5 Qe7 15.Ne2 g6
16.Rf1 Nd7 17.Nd4 Ne5 18.Nf3 Bd6 19.Qd2 Rad8 20.Rad1 Qc7 21.b3 Nxf3 22.gxf3 Bf4
23.Qf2 Rde8 24.Qh4 Kg7 25.Rg1 h5 26.Rg2 Qe5 27.Rdg1 Rd8 28.a4 a5 29.Bc4 Rd6
30.Bd3 Rfd8 31.Qe1 Rd4 32.Qe2 R8d6 33.Rf1 Rf6 34.Rfg1 Bh6 35.Rf1 Rf4 36.Qe1 Rd6
37.Be2 Kh7 38.Qa1 Qc5 39.Bd3 Bg7 40.Qe1 Rdf6 41.Qe2 Qe5 42.Bc4 Bf8 43.Rg3 Bd6
44.Qg2 Qc3 45.Bd3 Be5 46.Qh3 Qd4 47.Rg2 Qd8 48.Rg5 Qd4 49.Rg2 Qd6 50.Rg5 Kh6
51.Rg2 Qe7 52.Qc8 Kg7 53.Qh3 Rd6 54.Qg3 Rdf6 55.Qh3 Rd6 56.Qg3 Rg4 57.Qf2 Rxg2
58.Qxg2 Rf6 59.Rf2 Qd6 60.Qg5 Rf4 61.Qg2 Rh4 62.h3 Bg3 63.Rd2 Bf4 64.Rf2 Qd4
65.Bf1 Rxh3+ 66.Qxh3 Qxf2 67.Qg2 Qe1 68.Qh3 Be5 69.Qg2 Bd4 70.Qe2 Qg3 71.Qg2 Qf4
72.Qh3 Be5 73.Qg2 g5 74.Be2 Kh6 75.Bf1 Kg7 76.Be2 Qh4+ 77.Kg1 Bd4+ 78.Kf1 Qf4
79.Bd1 Qe3 80.Qg3 h4 81.Qg2 h3 82.Qh2 Bc3 83.Qe2 Qf4 84.Kg1 Qg3+ 85.Kh1 Be5
86.c4 Bd4 87.Qf1 h2 88.Qg2 Qe1+ 89.Kxh2 Be5+  0-1

[Event "Baku Open A"]
[Site "Baku AZE"]
[Date "2011.08.14"]
[Round "9"]
[White "Sharbaf,M"]
[Black "Gagunashvili,M"]
[Result "1/2-1/2"]
[WhiteElo "2402"]
[BlackElo "2588"]

1.d4 d6 2.e4 Nf6 3.Nc3 e5 4.Nge2 c6 5.a4 Qc7 6.g3 g6 7.Bg2 Bg7 8.O-O O-O
9.h3 a5 10.Be3 Na6 11.Qd2 Be6 12.Bh6 Nb4 13.Bxg7 Kxg7 14.f4 Bc4 15.Rf2 Rae8
16.g4 Nd7 17.b3 Ba6 18.Rd1 Rd8 19.Nc1 c5 20.fxe5 dxe5 21.d5 c4 22.Bf1 cxb3
23.Nxb3 Bxf1 24.Rdxf1 Rc8 25.Nb5 Qb6 26.c3 Na6 27.d6 Nac5 28.Nxc5 Qxc5 29.Nc7 Qc4
30.Qd5 Qxd5 31.exd5 Nc5 32.Rb2 Kg8 33.Rb5 Ne4 34.Rxb7 Nxd6 35.Ra7 Rfd8 36.Nb5 f5
37.gxf5 Nxf5 38.Rxf5 gxf5 39.d6 e4 40.Re7 Rc5 41.Kf2 Rd5 42.c4 R5xd6 43.Nxd6 Rxd6
44.c5 Rd2+ 45.Ke3 Rd3+ 46.Kf4 Rc3 47.Kxf5 Rxc5+ 48.Kf6 Rc6+ 49.Kf5 Rc3 50.Rxe4 Rxh3
51.Kg5 Rg3+ 52.Kf6 Rg6+ 53.Kf5 Kg7 54.Re5 Kh6 55.Kf4 Ra6 56.Rb5 Kg6 57.Rg5+ Kf7
58.Rb5 h6 59.Rc5 Kg6 60.Kg4  1/2-1/2

[Event "FSGM August"]
[Site "Budapest HUN"]
[Date "2011.08.14"]
[Round "9"]
[White "Kovacs,Ga2"]
[Black "Czebe,A"]
[Result "0-1"]
[WhiteElo "2496"]
[BlackElo "2526"]

1.d4 d6 2.e4 Nf6 3.Nc3 e5 4.Nf3 Nbd7 5.Bc4 Be7 6.O-O c6 7.a4 h6 8.Re1 Qc7
9.h3 Nf8 10.Be3 Ng6 11.a5 O-O 12.Bb3 Nh7 13.Qe2 Kh8 14.Qc4 Nf6 15.a6 bxa6
16.dxe5 dxe5 17.Qe2 Bb4 18.Nd2 Qe7 19.Bc4 a5 20.Na2 Bc5 21.Nc1 Bb6 22.Nd3 Ne8
23.Qh5 Kh7 24.Nf3 f6 25.Nh2 Nd6 26.Bb3 f5 27.exf5 Rxf5 28.Qe2 Be6 29.c4 Nxc4
30.Bxc4 Bxc4 31.Qc2 Qf7 32.Rac1 e4 33.Qxc4 Qxc4 34.Rxc4 exd3 35.Nf1 Rb5 36.Rxc6 Rxb2
37.Rd6 Rd8 38.Rxd8 Bxd8 39.Rd1 Rb3 40.Nd2 Rb5 41.Nc4 Rd5 42.Bxa7 Bf6 43.Be3 Bc3
44.Kf1 Ne7 45.Nb6 Rd8 46.f4 Nc6 47.Na4 Bb4 48.g3 d2 49.Bc5 Rd3 50.Kf2 Nd4  0-1

[Event "FSGM August"]
[Site "Budapest HUN"]
[Date "2011.08.14"]
[Round "9"]
[White "Baghdasaryan,V"]
[Black "Varga,Zo"]
[Result "1/2-1/2"]
[WhiteElo "2289"]
[BlackElo "2483"]

1.e4 d6 2.d4 Nf6 3.Nc3 e5 4.dxe5 dxe5 5.Qxd8+ Kxd8 6.Nf3 Bd6 7.Be3 Ng4 8.O-O-O Nxe3
9.fxe3 f6 10.Nb5 Ke7 11.Rxd6 cxd6 12.Nc7 Be6 13.Nxa8 Rc8 14.Nb6 axb6 15.Nd2 Na6
16.a3 Nc5 17.Bb5 f5 18.exf5 Bxf5 19.Rf1 Nb3+ 20.Nxb3 Bxc2 21.Kd2 Bxb3 22.Bd3  1/2-1/2